000 00950cam a2200241 a 4500
001 vtls002956060
003 MY-SjTCS
005 20200306154634.0
008 110218s2002 enkk 001 0 eng d
020 _a0406945888 (pbk)
039 9 _a201701091439
_bpushpa
_c201603031449
_dmalathy
_c201102181335
_dVLOAD
_c201012101104
_dshuhada
_y200407272002
_zVLOAD
043 _ae-uk---
082 0 4 _a342.410858
_bCAR
100 1 _aCarey, Peter,
_cLL. M.
_949340
245 1 0 _aE-privacy and online data protection /
_cPeter Carey ; precedents by Eduardo Ustaran.
260 _aLondon :
_bButterworths,
_c2002.
300 _axxvi, 268 p. :
_bforms ;
_c30 cm +
_e1 CD-ROM (4 3/4 in.)
500 _aIncludes index.
650 0 _aData protection
_xLaw and legislation
_zGreat Britain.
_910458
650 0 _aElectronic commerce
_xLaw and legislation
_zGreat Britain.
_9214734
700 1 _aUstaran, Eduardo.
_9214735
920 _aTBS : 56881, CDR000449, 56924, CDR000432
999 _c31072